| 000 | 01279nam a2200313 a 4500 | ||
|---|---|---|---|
| 001 | 000023120 | ||
| 005 | 20200930022012.0 | ||
| 008 | 101126s1999 mx a 001 0 spa d | ||
| 020 | _a9701702670 | ||
| 040 |
_aDO-SdBNP _bspa _cBNPHU |
||
| 082 |
_a621.3815 _bC854a, 1999 |
||
| 100 | 1 |
_aCoughlin, Robert F. _947595 |
|
| 240 | 1 | 0 |
_aOperational amplifiers & linear integrated circuits. _lEspañol |
| 245 | 1 | 0 |
_aAmplificadores operacionales y circuitos integrados lineales / _cRobert F. Coughlin y Frederick F. Driscoll ; traducción de Raúl Bautista Gutiérrez ; revisión técnica de Agustín Suárez Fernández. |
| 250 | _a5a ed. | ||
| 260 |
_aMéxico : _bPrentice Hall, _c1999. |
||
| 300 |
_axxix, 518 p. : _bil. ; _c25 cm. |
||
| 534 |
_aTraducido de la quinta edición en inglés de la obra: _tOperational amplifiers & linear integrated circuits |
||
| 500 | _aIncluye índice. | ||
| 504 | _aBibliografía: 506-507 p. | ||
| 650 | 4 |
_aAmplificadores (electrónica) _947596 |
|
| 650 | 4 |
_aAmplificadores operacionales _947597 |
|
| 650 | 4 |
_aCircuitos eléctricos lineales _947598 |
|
| 700 | 1 |
_aDriscoll, Frederick F. _947599 |
|
| 700 | 1 |
_aBautista Gutiérrez, Raúl, _etr. _947600 |
|
| 700 | 1 |
_aSuárez Fernández, Agustín, _erev. _947601 |
|
| 910 | _aWM | ||
| 049 | _aBNGR | ||
| 999 |
_c22617 _d22617 |
||